| 000 | 01008cad a22002415a 4500 | ||
|---|---|---|---|
| 001 | E151626 | ||
| 008 | 101123s2010 xxk f 100 0 eng d | ||
| 020 | _a9781842196199 | ||
| 035 | _a(Sirsi) u151626 | ||
| 041 | 0 | _aeng | |
| 100 | 1 | _aWilliams, Dapo | |
| 111 | 2 |
_aConstruction and Building Research Conference _cDauphine Universite, Paris _d2-3 September 2010 |
|
| 245 | 0 | 3 |
_aAn evaluation of the role of facilities managers in managing sustainability and remedial actions in reducing CO2 emissions in the built environment _h[electronic resource] |
| 260 |
_aLondon _bRICS _c2010 |
||
| 520 | _aA paper presented at the COBRA Conference in Paris on 2-3 September 2010. | ||
| 590 | _aKA | ||
| 650 | 2 | 4 | _aCONSTRUCTION AND BUILDING RESEARCH CONFERENCE (COBRA) |
| 651 | 4 | _aUnited Kingdom | |
| 690 | _aMANAGEMENT-FACILITIES MANAGEMENT | ||
| 700 | 1 | _aSutrisna, Monty | |
| 856 | 4 | 0 |
_uhttps://archive.rics.org/site/download_feed.aspx?fileID=7864&fileExtension=PDF _zBroken link - not available |
| 942 | _n0 | ||
| 999 |
_c111496 _d111496 |
||